Detalles MARC
| 000 -LÍDER |
| Campo fijo de descripción fija |
01028cam a22003254i 4500 |
| 001 - NÚMERO DE CONTROL |
| Campo de control |
19995 |
| 003 - IDENTIFICADOR DEL NÚMERO DE CONTROL |
| Campo de control |
CO-MdFUSB |
| 005 - FECHA Y HORA DE LA ULTIMA TRANSACCIÓN |
| control field |
20180622170016.0 |
| 008 - ELEMENTOS DE LONGITUD FIJA -- INFORMACIÓN GENERAL |
| Campo fijo de descripción fija -- Información general |
180226t1987 xxu||||g |||| 00| 0 eng d |
| 020 ## - NÚMERO INTERNACIONAL NORMALIZADO PARA LIBROS |
| Número Internacional Normalizado del libro |
0-916134-85-7 |
| 040 ## - FUENTE DE CATALOGACIÓN |
| Agencia de catalogación original |
CO-MdFUSB |
| Idioma de catalogación |
spa |
| Agencia que realiza la transcripción |
CO-MdFUSB |
| Agencia que realiza la modificación |
CO-MdFUSB |
| Convenciones de la descripción |
rda |
| 041 ## - CÓDIGO DE IDIOMA |
| Código de idioma para texto/pista de sonido o título separado |
eng |
| 082 ## - NÚMERO DE CLASIFICACIÓN DECIMAL DEWEY |
| Número de la edición del Dewey |
24 |
| Número de clasificación |
G 265.3 |
| Clave de autor-Numero de item |
J39p |
| 100 1# - ASIENTO PRINCIPAL--NOMBRE PERSONAL |
| Nombre personal |
Jasper, R. C. D. |
| Término relacionador |
autor |
| 242 10 - TRADUCCIÓN DEL TÍTULO POR AGENCIA CATALOGADORA |
| Título |
Oraciones de la Eucaristía |
| Parte restante del título - Subtítulo |
: tempranas y reformadas |
| Idioma del título original |
Iglés |
| 245 10 - TÍTULO |
| Título del Material |
Prayers of the Eucharist |
| Parte restante del título - Subtitulo |
: Early and reformed |
| Mención de responsabilidad, etc. |
/ R. C. D. Jasper, G. J. Cuming |
| 250 ## - MENCIÓN DE EDICIÓN |
| Mención de edición |
Tercera edición, revisada y ampliada |
| 264 #1 - PRODUCCIÓN, PUBLICACIÓN, DISTRIBUCIÓN, MANUFACTURA, Y COPYRIGHT |
| Lugar de producción, publicación, distribución, manufactura |
New York : |
| Nombre del productor, publicador, distribuidor |
Pueblo Publishing, |
| Fecha de producción, publicación, distribución, manufactura, o copyright |
℗[1987] |
| 264 #4 - PRODUCCIÓN, PUBLICACIÓN, DISTRIBUCIÓN, MANUFACTURA, Y COPYRIGHT |
| Fecha de producción, publicación, distribución, manufactura, o copyright |
©1987 |
| 300 ## - DESCRIPCIÓN FÍSICA |
| Extensión |
314 páginas |
| Otros detalles físicos |
: |
| Dimensiones |
24 cm |
| 336 ## - TIPO DE CONTENIDO |
| Fuente |
rdacontent |
| Término de tipo de contenido |
texto |
| Código de tipo de contenido |
txt |
| 337 ## - TIPO DE MEDIO |
| Fuente |
rdamedia |
| Nombre del tipo de medio |
sin mediación |
| Código del tipo de medio |
n |
| 338 ## - TIPO DE SOPORTE |
| Fuente |
rdacarrier |
| Nombre del tipo de soporte |
volumen |
| Código Tipo de soporte |
nc |
| 505 00 - NOTA DE CONTENIDO |
| Nota de contenido con formato preestablecido |
Parte I: Temprano -- Parte II: Reformado |
| 563 ## - NOTA DE ENCUADERNACIÓN |
| Nota de encuadernación |
Pasta dura |
| 650 #7 - ASIENTO SECUNDARIO DE MATERIA - TERMINO TEMÁTICO |
| 9 (RLIN) |
206 |
| Término temático o nombre geográfico como elemento de entrada |
Liturgia |
| 720 ## - ASIENTO SECUNDARIO - NOMBRE NO CONTROLADO |
| Nombre |
Cuming, G.J. |
| 942 ## - TIPO DE MATERIAL (KOHA) |
| Tipo de Item KOHA |
Libros General |